Zimowe transfery 2025 - Statystyki

Ogólne statystyki
  • Ten quiz został rozwiązany 31 razy
  • Średni wynik to 6 z 15
Statystyki odpowiedzi
klub,wartośc Zawodnik % Poprawnych
Real BetisWYP. Antony
77%
Manchester city75m$ Marmoush
77%
JuventusWYP.+3,60m$ Kolo Muani
69%
Manchester city40m$ Khusanov
62%
PSG 70M$ Kvaratskhelia
58%
Feyenoord1,50m$ Moder
58%
MilanWYP. Walker
46%
Aston Villa25m$ Malen
42%
Manchester city 37m$ Reis
31%
Rennes20m$ Fofana
15%
Zenit33m$ Henrique
15%
Wolfsbburg14m$ Skov Olsen
12%
LyonWYP. Almada
8%
Tottenham16,50m$ Kinsky
8%
SunderlandWYP. Le Fee
8%
Nie znaleziono quizów pasujących do podanych kryteriów
Rozkład punktacji
Procent ludzi z każdym wynikiem
Percentyl według liczby udzielonych odpowiedzi
Twoja historia wyników
Nie rozwiązałeś tego quizu